000
00330nam a2200133Ia 4500
005
20251222142028.0
008
251222s9999||||xx |||||||||||||| ||spa||
020
_a
82-288-1278-0
082
_a
301/B61
100
_a
Blanch, Antonio
245
0
_a
El Hombre Imaginario:
264
_b
Universidad Pontificia Comillas
942
_c
LIB
999
_c
10861
_d
10861